| 000 | 00585cam a2200229 4500 | ||
|---|---|---|---|
| 008 | 090401t1996 xxu||||| |||| 00| 0 eng d | ||
| 020 | _a0752002430 | ||
| 035 | _a(Sirsi) u69517 | ||
| 041 | _aeng | ||
| 050 | _a346.4104343 | ||
| 100 | _aLewison, Kim | ||
| 245 | _aDrafting business leases. | ||
| 250 | _a5th ed. | ||
| 260 |
_aLondon _bFT Law & Tax _c1996 |
||
| 300 | _axxxiii,336p. ; 24cm. | ||
| 350 | _a50 | ||
| 650 | _aBUSINESS LEASES | ||
| 650 | _aPROPERTY-COMMERCIAL PROPERTY | ||
| 690 | _aLANDLORD AND TENANT-BUSINESS TENANCIES | ||
| 942 | _n0 | ||
| 948 | _c04/03/1997 | ||
| 999 |
_c95206 _d95206 |
||